Reti ke phool/ (Record no. 38260)

000 -LEADER
fixed length control field 00348nam a22001451a 4500
082 ## - DEWEY DECIMAL CLASSIFICATION NUMBER
Classification number H4
Item number RAM/R
100 ## - MAIN ENTRY--AUTHOR NAME
Personal name Ramdhari Singh Dinkar
245 ## - TITLE STATEMENT
Title Reti ke phool/
Statement of responsibility, etc by Ramdhari Singh Dinkar
260 ## - PUBLICATION, DISTRIBUTION, ETC. (IMPRINT)
Place of publication Patna:
Name of publisher Udayachal,
Year of publication 1972.
300 ## - PHYSICAL DESCRIPTION
Number of Pages 142p.
650 ## - SUBJECT ADDED ENTRY--TOPICAL TERM
Topical Term Essays Hindi
650 ## - SUBJECT ADDED ENTRY--TOPICAL TERM
Topical Term Literature Hindi
650 ## - SUBJECT ADDED ENTRY--TOPICAL TERM
Topical Term Literature
942 ## - ADDED ENTRY ELEMENTS (KOHA)
Koha item type Book
Holdings
Withdrawn status Lost status Damaged status Not for loan Permanent Location Current Location Date acquired Cost, normal purchase price Full call number Accession Number Cost, replacement price Price effective from Koha item type
        Sree Sankaracharya University of Sanskrit Sree Sankaracharya University of Sanskrit 08.01.2015 10.00 H4 RAM/R 017774 0.00 08.01.2015 Book